<?xml version="1.0" encoding="UTF-8"?>
<record
    xmlns:xsi="http://www.w3.org/2001/XMLSchema-instance"
    xsi:schemaLocation="http://www.loc.gov/MARC21/slim http://www.loc.gov/standards/marcxml/schema/MARC21slim.xsd"
    xmlns="http://www.loc.gov/MARC21/slim">

  <leader>01744nam a22002177a 4500</leader>
  <controlfield tag="003">OSt</controlfield>
  <controlfield tag="005">20251113161841.0</controlfield>
  <controlfield tag="008">251113b        |||||||| |||| 00| 0 eng d</controlfield>
  <datafield tag="040" ind1=" " ind2=" ">
    <subfield code="c">DCL</subfield>
  </datafield>
  <datafield tag="082" ind1=" " ind2=" ">
    <subfield code="a">T-3 Ph.D.</subfield>
  </datafield>
  <datafield tag="100" ind1="0" ind2=" ">
    <subfield code="a">Kum&#x101;ra, </subfield>
    <subfield code="c">Ashin</subfield>
    <subfield code="b">Dhamma-P&#x101;-Eng-1(70)</subfield>
  </datafield>
  <datafield tag="245" ind1=" " ind2=" ">
    <subfield code="a">A Study of Avijj&#x101; and Ta&#x1E47;h&#x101; (Ignorance and Craving) In Therav&#x101;da Buddhism /</subfield>
    <subfield code="c">Ashin Kum&#x101;ra.</subfield>
  </datafield>
  <datafield tag="264" ind1=" " ind2=" ">
    <subfield code="a">Mandalay :</subfield>
    <subfield code="b">State Pariyatti S&#x101;sana University,</subfield>
    <subfield code="c">2012.</subfield>
  </datafield>
  <datafield tag="500" ind1=" " ind2=" ">
    <subfield code="a">S&#x101;sanatakkas&#x12B;la Dhammap&#x101;rag&#x16B; Ph. D. Dissertation.</subfield>
  </datafield>
  <datafield tag="502" ind1=" " ind2=" ">
    <subfield code="a">This Dissertation is an attempt to solve the problem why beings in the world wander in Sa&#x1E43;s&#x101;ra. In this dissertation, the Solution is given for the etymological study of Avijj&#x101; and Ta&#x1E47;h&#x101; and the meaning of Avijj&#x101; and Ta&#x1E47;h&#x101; based on the grammatical point of View. It is also described the nature of Avijj&#x101; and Ta&#x1E47;h&#x101; according to psychological and philosophical point of view. Then, it also mentions how the beings go on in Sa&#x1E43;s&#x101;ra because of Avijj&#x101; and Ta&#x1E47;h&#x101; and how to eradicate Avijj&#x101; and Ta&#x1E47;h&#x101; through S&#x12B;la (Morality), Sam&#x101;dhi ( Concentration) and Pa&#xF1;&#xF1;&#x101; (wisdom) according to Therav&#x101;da Buddhism.</subfield>
    <subfield code="b">Ph.D</subfield>
    <subfield code="d">2012.</subfield>
  </datafield>
  <datafield tag="504" ind1=" " ind2=" ">
    <subfield code="a">Includes Bibliographical notes.</subfield>
  </datafield>
  <datafield tag="505" ind1=" " ind2=" ">
    <subfield code="a">Includes Five Chapters. In Chapter I : An Etymological Study of Avijj&#x101; and Ta&#x1E47;h&#x101;
Chapter II : A Psychological Study of Avijj&#x101; and Ta&#x1E47;h&#x101;.
Chapter III : A Philosophical Study of Avijj&#x101; and Ta&#x1E47;h&#x101;.
Chapter IV : Avijj&#x101; and Ta&#x1E47;h&#x101;, as Major Cause of Sa&#x1E43;s&#x101;ra.
Chapter V : The Buddhist Way Leading to the Final Cessation of Avijj&#x101; and Ta&#x1E47;h&#x101; 
Conclusion.
Bibliography.</subfield>
  </datafield>
  <datafield tag="650" ind1=" " ind2=" ">
    <subfield code="a">Ph.D.  Dissertation</subfield>
  </datafield>
  <datafield tag="650" ind1=" " ind2=" ">
    <subfield code="a"> Avijj&#x101; and Ta&#x1E47;h&#x101;</subfield>
    <subfield code="x">Theravada Buddhism.</subfield>
  </datafield>
  <datafield tag="942" ind1=" " ind2=" ">
    <subfield code="2">ddc</subfield>
    <subfield code="c">THS</subfield>
    <subfield code="n">0</subfield>
  </datafield>
  <datafield tag="952" ind1=" " ind2=" ">
    <subfield code="0">0</subfield>
    <subfield code="1">0</subfield>
    <subfield code="2">ddc</subfield>
    <subfield code="4">0</subfield>
    <subfield code="7">1</subfield>
    <subfield code="8">Rfbs</subfield>
    <subfield code="a">DHAM</subfield>
    <subfield code="b">DHAM</subfield>
    <subfield code="c">Rfbs</subfield>
    <subfield code="d">2025-11-13</subfield>
    <subfield code="l">0</subfield>
    <subfield code="o">T-3 Ph.D.</subfield>
    <subfield code="p">T-3 Ph.D.</subfield>
    <subfield code="r">2025-11-13 16:16:45</subfield>
    <subfield code="w">2025-11-13</subfield>
    <subfield code="y">THS</subfield>
    <subfield code="A">T-3 Ph.D.</subfield>
  </datafield>
  <datafield tag="999" ind1=" " ind2=" ">
    <subfield code="c">2465</subfield>
    <subfield code="d">2465</subfield>
  </datafield>
</record>
